| 000 | 00660nam a22002177a 4500 | ||
|---|---|---|---|
| 999 |
_c14777 _d14777 |
||
| 003 | AR-CdUCM | ||
| 008 | 190424b ||||| |||| 00| 0 spa d | ||
| 040 |
_aMUNICIPALIDAD PROVINCIAL DEL CUSCO _cBIBLIOTECA MUNICIPAL DEL CUSCO |
||
| 041 | _heng. | ||
| 082 |
_aPI / 803.08 / _bS91 |
||
| 100 |
_aMilbourne, Anna _933671 |
||
| 245 | _aEntra en un cuento cenicienta / | ||
| 260 |
_aLondres : _bUsborne Publishing, _c2016. |
||
| 300 |
_bIlustraciones, _c19 cm. |
||
| 440 |
_aUsborne _933672 |
||
| 650 |
_aLiteratura infantil _9588 |
||
| 650 |
_aCuento _94671 |
||
| 700 |
_aGemma Alonso de la Sierra _933673 |
||
| 942 |
_2ddc _cLIBROS |
||
| 945 |
_arjall _d2019-04-24 |
||